| 000 | 00743nam a2200229Ia 4500 | ||
|---|---|---|---|
| 003 | OSt | ||
| 005 | 20220926021020.0 | ||
| 006 | a|||||r|||| 00| 0 | ||
| 007 | ta | ||
| 008 | 220923b |||||||| |||| 00| 0 eng d | ||
| 037 | _cGeneral Book | ||
| 040 |
_aRTL _cRTL _beng |
||
| 041 |
_2eng _aeng |
||
| 082 | _aX9(J).N82, M2 | ||
| 100 |
_aSHAFFER John W _9325605 |
||
| 245 | 0 |
_aFamily and farm _b Agrarian change and household organization in the Loire Valley 1500-1900. |
|
| 260 |
_aNew York _bState university of New _c1982 |
||
| 300 |
_axi,258p. _ccm. |
||
| 500 | _aBibliography :P.238-256; Appendix :211-213p.; Glossary :214-216p. | ||
| 942 |
_hX9(J).N82, M2 _cGB _2CC |
||
| 999 |
_c635494 _d635494 |
||